Skateboarding logos Quiz Stats

 Plays Quiz not verified by Sporcle

Score 0/8 Timer 20:00
0 Plays Today
nine % Correct
Element
74%
Plan B
62.1%
DC
44.8%
Mystery
8.3%
DVS
8%
QuikSilver
4.9%
ATM
4.2%
Volcolm
3.9%

You're not logged in!

Compare scores with friends on all Sporcle quizzes.
OR
Log In

Show Comments

Extras

Created Nov 10, 2010ReportNominate
Tags:nine, rule, skateboarding

Top Quizzes Today


Score Distribution

Your Account Isn't Verified!

In order to create a playlist on Sporcle, you need to verify the email address you used during registration. Go to your Sporcle Settings to finish the process.

Report this User

Report this user for behavior that violates our Community Guidelines.

Details: